In vitro štúdium antimikrobiálnej aktivity vybraných látok voči Paenibacillus larvae, pôvodcovi včelieho moru
Na minha lista:
| Autor principal: | |
|---|---|
| Formato: | Software Livro |
| Idioma: | eslovaco |
| Publicado em: |
Bratislava
STU FCHPT
2010
|
| Acesso em linha: | View in OPAC |
| Tags: |
Sem tags, seja o primeiro a adicionar uma tag!
|
MARC
| LEADER | 00000nam a2200000 a 4500 | ||
|---|---|---|---|
| 005 | 20260127134215.0 | ||
| 007 | co ugu | ||
| 008 | 100719 2010 xo 000 0 slo d | ||
| 035 | |a vtls010116070 | ||
| 039 | 9 | |y 201007191157 |z mschk03 | |
| 040 | |a STUSCHK1 |b slo |c STUSCHK1 |e AACR2 | ||
| 100 | 1 | |a Polačko, Matej | |
| 245 | 1 | |a In vitro štúdium antimikrobiálnej aktivity vybraných látok voči Paenibacillus larvae, pôvodcovi včelieho moru |c Matej Polačko | |
| 260 | |a Bratislava |b STU FCHPT |c 2010 | ||
| 300 | |a 1 elektronický disk | ||
| 500 | |a Obháj.: 8.6. 2010 | ||
| 500 | |a Študijný program: potraviny, hygiena, kozmetika | ||
| 500 | |a Študijný odbor: 5.2.24 potravinárstvo | ||
| 500 | |a Miesto vypracovania: Oddelenie potravinárskej technológie, FCHPT STU | ||
| 500 | |a Evidenčné číslo: FCHPT-5457-26424 | ||
| 500 | |a diplomová práca na CD-ROMe | ||
| 910 | |a SCHK95 | ||
| 999 | |c 6697 |d 6697 | ||